Artists with the most UK #1 singles - Statistics

General Stats
  • This quiz has been taken 95 times
  • The average score is 5 of 10
Answer Stats
Number of #1 singles Years Artist % Correct
17 1963-1969 The Beatles
96%
21 1957-2005 Elvis Presley
82%
13 1985-2008 Madonna
66%
14 1959-1999 Cliff Richard
53%
12 1993-2014 Take That
47%
11 2014-2021 Ed Sheeran
43%
14 1999-2006 Westlife
42%
10 2000-2020 Eminem
14%
12 1959-1963 The Shadows
13%
10 2008-2018 Calvin Harris
11%
No matching quizzes found
Score Distribution
Percent of People with Each Score
Percentile by Number Answered
Your Score History
You have not taken this quiz